Cars Made In The 1960s - Sudden Death - Statistics

General Stats
  • This quiz has been taken 74 times
  • The average score is 4 of 10
Answers on the Grid
Answers color-coded by a green-red scale on the quiz's grid according to % correct below.
Pontiac: GTO
AMC: Pacer
Porsche: 911
Pontiac: Firebird
Toyota: Celica
Chevrolet: Camaro
DMC: DeLorean
Buick: GNX
Audi: Quattro
Aston Martin: DB5
Ford: GT40
Ford: Thunderbird
Plymouth: Superbird
Ford: Pinto
Alfa Romeo: Montreal
Plymouth: Barracuda
Dodge Challenger
Honda: CRX
Chevrolet: Monte Carlo
Chevrolet: Impala
 
Answer Stats
Answer % Correct
Pontiac: GTO
68%
Ford: GT40
48%
Aston Martin: DB5
38%
Chevrolet: Camaro
38%
Chevrolet: Impala
36%
Porsche: 911
36%
Dodge Challenger
34%
Ford: Thunderbird
34%
Pontiac: Firebird
30%
Plymouth: Barracuda
24%
No matching quizzes found
Score Distribution
Percent of People with Each Score
Percentile by Number Answered
Your Score History
You have not taken this quiz